Word Ladder: Capitals' MVP Quiz Stats

 Plays Quiz Updated Aug 9, 2018

Score 0/14 Timer 02:00
0 Plays Today
Hint 4-Letter Word % Correct
Show off a muscleFLEX
96.1%
TobogganSLED
93.3%
Exceeded the limit on a highwaySPED
92.5%
Ran fromFLED
92.4%
Cookie incubatorOVEN
90.5%
A portent of evilOMEN
83.2%
Religious declaration, so be itAMEN
83.1%
Hint 4-Letter Word % Correct
Ugandan dictator IdiAMIN
80.6%
Page featuring opinion pieces in a newspaperOP-ED
79%
2018 Conn Smythe winner's first name• ALEX •
78.9%
Related by bloodAKIN
77.9%
Iran, Iraq, Venezuela, etc.OPEC
70.6%
First half of [Rung 1]'s last name• OVEC •
69.3%
Last half of [Rung 1]'s last name• HKIN •
50.9%

Today's Daily Dose

You're not logged in!

Compare scores with friends on all Sporcle quizzes.
OR
Log In

Sporcle TV

Today on Sporcle TV


Watch our educational content, quiz creation guides, and fun videos on Sporcle TV.

Show Comments

Extras

Top Quizzes Today


Score Distribution

Your Account Isn't Verified!

In order to create a playlist on Sporcle, you need to verify the email address you used during registration. Go to your Sporcle Settings to finish the process.

Report this User

Report this user for behavior that violates our Community Guidelines.

Details: